00504 2200193 4500001002100000005001500021035002000036008004100056245007200097100001800169250000600187260004600193300001100239084001400250082000800264650001400272990001200286990001200298INLIS00000000000038320240430020329 a0010-0424000359240430 0 ind 1 aLet's Study Prepositions ( Mari Belajar Preposisi ) /cIda Maharani aMaharani, Ida a1 aYogyakarta :bPT. Citra Aji Parama,c2016 a68 hlm a400 IDA l a400 4aNon Fiksi a0728605 a0728606